Hymnes nationaux d'Europe - Statistiques

Statistiques générales
  • Ce quiz a été pris 67 fois
  • Le résultat moyen est 26 sur 45
Statistiques - réponses
Hymne Pays % Correct
A Portuguesa Portugal
100%
La Marseillaise France
95%
Cantique suisse Suisse
95%
Das Lied der Deutschen Allemagne
93%
Fratelli d'Italia Italie
89%
Hymne monégasque Monaco
86%
God Save the King Royaume-Uni
86%
Deșteaptă-te, române! Roumanie
82%
La Brabançonne Belgique
79%
My, Bielaroussy Biélorussie
79%
Inno et Marcia Pontificale Vatican
77%
Marcha Real Espagne
75%
Denes nad Makedonija Macédoine du Nord
73%
Dievs, Sveti Latviju Lettonie
71%
Inno Nazionale della Repubblica Saint-Marin
70%
Gossoudarstvennyï gimn Rossiïskoï Federatsii Russie
68%
Kong Christian stod ved højen mast / Der er et yndigt land Danemark
66%
Šče ne vmerla Ukraïny i slava, i volia Ukraine
66%
Isten, áldd meg a magyart Hongrie
59%
L-Innu Malti Malte
59%
El Gran Carlemany Andorre
55%
Amhrán na bhFiann Irlande
55%
Ja, vi elsker dette landet Norvège
54%
Mazurek Dąbrowskiego Pologne
54%
Oben am jungen Rhein Liechtenstein
52%
Wilhelmus van Nassouwe Pays-Bas
52%
Land der Berge, Land am Strome Autriche
46%
Hýmnos eis tin Eleutherían Grèce / Chypre
46%
Lofsöngur Islande
46%
Bože Pravde Serbie
46%
Mu isamaa, mu ōnn ja rōōm Estonie
45%
Zdravljica Slovénie
41%
Limba noastră Moldavie
39%
Nad Tatrou sa blýska Slovaquie
39%
Du gamla, du fria Suède
36%
Lijepa naša domovino Croatie
34%
Hymni i Flamurit Albanie
32%
Maamme Finlande
32%
Europa Kosovo
32%
Kde domov můj? République tchèque
32%
Mila Rodino Bulgarie
30%
Tautiška giesmė Lituanie
30%
Intermeco Bosnie-Herzégovine
29%
Ons Heemecht Luxembourg
27%
Oj, svijetla majska zoro Monténégro
27%
Aucun quiz correspondant
Distribution des résultats
% des personnes avec chaque résultat
Percentile par nombre de réponses
Votre historique - résultats
Vous n’avez pas pris ce quiz